000 00572nam a22002177a 4500
005 20150327122754.0
008 081030s2009 nyua b 001 0 eng
020 _a9780071496568
041 0 _aeng
080 _a004.2
100 1 _aGoodman, Andrew
_q(Andrew E.)
245 1 0 _aWinning results with Google AdWords /
_cAndrew Goodman.
250 _a2nd ed.
260 _aNew York :
_bMcGraw-Hill,
_c2009.
300 _a376 f. :
_bme il.;
_c23 cm.
505 0 _aIndex: f. 367 - 376
650 0 _aKompjuter
650 0 _aInternet
650 0 _aMarketing
942 _2udc
_cBK
999 _c566
_d566